| 000 | 00753cab a2200229 4500 | ||
|---|---|---|---|
| 001 | WB3423-14 | ||
| 008 | 090401t1998 xxu||||| |||| 00| 0 eng d | ||
| 035 | _a(Sirsi) u86858 | ||
| 041 | _aeng | ||
| 245 | _a14 special areas of conservation nominated | ||
| 260 | _c1998 | ||
| 350 | _a0 | ||
| 490 |
_aDETR News Release _v478/ENV 15 June 1998, (3) |
||
| 520 | _aLists 14 nominated sites submitted to the European Commission for granting protection as Special Areas of Conservation under the European Habitats Directive. | ||
| 650 | _aENDANGERED SPECIES | ||
| 650 | _aHABITATS AND SPECIES DIRECTIVE | ||
| 650 | _aNATURE CONSERVATION | ||
| 650 | _aSPECIAL AREAS OF CONSERVATION | ||
| 690 | _aCONSERVATION | ||
| 942 | _n0 | ||
| 948 | _c17/06/1998 | ||
| 999 |
_c54695 _d54695 |
||